| 000 | 00803cam a22002651 4500 | ||
|---|---|---|---|
| 001 | 4510 | ||
| 003 | BD-RjUL | ||
| 005 | 20211208233914.0 | ||
| 008 | 721201s1956 enk 000 0 eng | ||
| 035 | _a(BD-RjUL)4545 | ||
| 035 | _a(OCoLC)505184 | ||
| 040 |
_aDLC _cODaWU _dUk _dDLC _dBD-RjUL _beng |
||
| 041 | _aeng | ||
| 082 | 0 | 4 |
_219 _a347.65 _bOCL 1956 |
| 100 | 1 |
_aO'Connell, D. P. _q(Daniel Patrick), _d1924-1979. _914257 |
|
| 245 | 1 | 4 |
_aThe Law of state succession / _cD P O'Connell. |
| 260 |
_aCambridge : _bUniversity Press, _c1956. |
||
| 300 |
_a425 p. ; _c21 cm. |
||
| 504 | _aBibliography: p. 409-414. | ||
| 650 | 0 |
_aState succession. _911074 |
|
| 942 |
_2ddc _cBK |
||
| 999 |
_c4510 _d4510 |
||